000 00960nam0a22002651 4500
001 v19\rc\1625756
005 20061002121938.3
035 _a(NLR Aleph) 004742311
090 _a4498745
_c4498745
100 _a20061002d1899 |||y0rusy50 ca
101 0 _arus
102 _aRU
105 _ay z |||||
200 1 _aПрава и обязанности сотских и десятских
_e(Законное наставление о службе нижних чинов уезд. полиции)
_fСост. К. Давидович
205 _aНеофиц. изд.
210 _aГродна
_cизд. Гроднен. губ. тип.
_d1899
215 _a74, 6, II с.
_d18
700 1 _aДавидович
_bК. Д.
_gКонстантин Дмитриевич
_4220
801 0 _aRU
_bNLR
_gpsbo
801 0 _aRU
_bRuMoRGB
_2psbo
801 1 _aRU
_bProSoft-M
_2rusmarc
852 _aNLR
_j20.58.2.320
899 _aRuMoRGB
_jE 93/190
942 _cBOOK
980 _aNB